| 000 | 00611nam a2200205 a 4500 | ||
|---|---|---|---|
| 999 |
_c23970 _d23970 |
||
| 001 | vtls001381251 | ||
| 005 | 20251024080719.0 | ||
| 008 | 240313s1998 xr a r 0 cze c | ||
| 020 |
_a8020006893 _c403,00 |
||
| 035 | _aSNK000335259 | ||
| 040 |
_aSNK _bslo _cSNK _eAACR2 |
||
| 044 |
_axr _cCZ |
||
| 080 |
_a159.9 _21. stred. slo |
||
| 100 | 1 |
_aNakonečný, Milan, _d1932- _4aut _95082 |
|
| 245 | 1 |
_aZáklady psychologie _cMilan Nakonečný |
|
| 260 |
_aPraha _bAcademia _c1998 |
||
| 300 |
_a590 s. _c24 cm |
||
| 650 | 0 | 7 |
_apsychológia _xpríručky _2SNK _95083 |